Nghiên cứu địa bạ Triều Nguyễn : Hà Tiên (Kiên Giang, Minh Hải ngày nay) /
محفوظ في:
| المؤلف الرئيسي: | |
|---|---|
| التنسيق: | Sách giấy |
| اللغة: | Vietnamese |
| منشور في: |
TP.HCM :
TP.HCM ,
1994
|
| الوسوم: |
إضافة وسم
لا توجد وسوم, كن أول من يضع وسما على هذه التسجيلة!
|
| Thư viện lưu trữ: | Thư viện Trường Đại học Đà Lạt |
|---|
| LEADER | 00650nam a2200253 4500 | ||
|---|---|---|---|
| 001 | DLU020013518 | ||
| 005 | ##6/15/2000 | ||
| 020 | # | # | |a 978- |
| 041 | # | # | |a vie |
| 082 | # | # | |a 911.597 |b NG-D |
| 090 | # | # | |a 911.597 |b NG-D |
| 100 | # | # | |a Nguyễn Đình Đầu |
| 245 | # | # | |a Nghiên cứu địa bạ Triều Nguyễn : |b Hà Tiên (Kiên Giang, Minh Hải ngày nay) / |c Nguyễn Đình Đầu |
| 260 | # | # | |a TP.HCM : |b TP.HCM , |c 1994 |
| 300 | # | # | |a 344 tr.; |c 24 cm. |
| 992 | # | # | |a 32000 |
| 994 | # | # | |a DLU |
| 900 | # | # | |a False |
| 911 | # | # | |a Administrator |
| 925 | # | # | |a G |
| 926 | # | # | |a A |
| 927 | # | # | |a SH |
| 980 | # | # | |a Thư viện Trường Đại học Đà Lạt |